02905nam a2200289 a 4500001001000000003000500010005001700015007001500032008004100047035001100088040000900099100002700108245020600135264004100341300006000382336002700442337002900469338004000498502002800538520185000566650003002416650001502446650002702461650002602488700004802514856005302562000103690CHAP20241017095404.0cr ||||||a|c|a101214s2010 mx r 00010 spa d a111811 cCHAP1 aMéndez Polo, Isabel.10aEvaluación de la supervivencia y crecimiento inicial de (Cupressus lusitanica Mill.), en el predio Las Cruces, Estado de Méxicoc/por Isabel Méndez Polo; director de tesis Isidro Villegas Romero. 1aChapingo, Méx. :bEl autor,c2010. a1 recurso en línea (88 páginas):bcuadros, figuras. 2rdacontentatextobtxt 2rdamediaacomputadorabc 2rdacarrierarecursos en líneabcr bIRFcDICIFOd2010.gLIC aLa supervivencia en los diferentes tipos de plantación es uno de los aspectos más criticados; dichas críticas aumentan cuando se trata de plantaciones a gran escala como las que se llevan a cabo a nivel nacional, ya que existen datos que indican que en ocasiones no rebasan el 10%. El presente trabajo fue elaborado con el objetivo de evaluar la supervivencia y el incremento en altura de Cupressus lusitanica en los suelos que se encuentran en el predio “Las Cruces”, además de su reacción al incorporar materia orgánica al momento de la plantación. En el área de estudio existen cuatro tipos de suelo: cambisol, leptosol, feozem y toba, de cada uno se eligieron dos sitios para realizar la plantación, a un sitio se le incorporo materia orgánica y a otro no. El diseño experimental utilizado fue completamente al azar. Se realizaron cepas de 40 cm por lado y un arreglo espacial a tres bolillos para la plantación. Las mejores supervivencias (90%) se presentaron en los tratamientos con tipo de suelo feozem y leptosol, ambos con materia orgánica incorporada, mientras que el tratamiento de toba sin materia orgánica tuvo un valor de 26.6%; en cuanto al incremento los tratamientos de feozem sin materia orgánica y toba con materia orgánica tuvieron los valores más altos 16.4 y 15.6 cm respectivamente, el valor más bajo lo presentó la toba sin materia orgánica con 3.8 cm. Toba con materia orgánica y feozem sin materia orgánica son considerados los mejores tratamientos al presentar los valores más altos en incremento y supervivencia, según los análisis de suelo, éstos tratamientos, principalmente toba, presentaron los valores más altos en, fosforo, potasio, capacidad de intercambio catiónico, pH y capacidad de retención hídrica, baja densidad y alto porcentaje de arena.14aBosqueszMéxico (Edo.).14aCupressus.14aPlantación forestal.14aPlantasxCrecimiento.1 aVillegas Romero, IsidroeDirector de tesis. uhttp://10.13.5.2/tesis/111811.pdfzDESCARGAR PDF